ბათუმის შოთა რუსთაველის სახელმწიფო უნივერსიტეტის ბიბლიოთეკა

Интродукция растении и зеленое строительство: Декоративные и другие полезные растения в природе и культуре (ბიბ.ჩანაწერი № 45417)

000 -LEADER
fixed length control field 00723nam a2200193Ia 4500
001 - CONTROL NUMBER
control field 12241
003 - CONTROL NUMBER IDENTIFIER
control field GE_BSU
008 - FIXED-LENGTH DATA ELEMENTS--GENERAL INFORMATION
fixed length control field 181216s||||||||xx |||||||||||||| ||und||
040 ## - CATALOGING SOURCE
Transcribing agency GE_BSU
245 ## - TITLE STATEMENT
Title Интродукция растении и зеленое строительство: Декоративные и другие полезные растения в природе и культуре
245 ## - TITLE STATEMENT
Statement of responsibility, etc. Под.ред. Головина А.Г.
250 ## - EDITION STATEMENT
Edition statement Выпуск 8
260 ## - PUBLICATION, DISTRIBUTION, ETC.
Place of publication, distribution, etc. Москва
260 ## - PUBLICATION, DISTRIBUTION, ETC.
Name of publisher, distributor, etc. Акад.Наук СССР
260 ## - PUBLICATION, DISTRIBUTION, ETC.
Date of publication, distribution, etc. 1962
300 ## - PHYSICAL DESCRIPTION
Extent 275стр.26см.Илл.
653 ## - INDEX TERM--UNCONTROLLED
Uncontrolled term Интродукция растении и зеленое строительство
942 ## - ADDED ENTRY ELEMENTS (KOHA)
Koha item type წიგნი
ეგზემპლარები
Withdrawn status Lost status Damaged status Not for loan Date acquired Barcode Date last seen Price effective from Koha item type
        2018-12-17 20400 2018-12-17 2018-12-17 წიგნი